[Event "Summer Team Tournament 2020"]
[Site "Skype"]
[Date "????.??.??"]
[Round "3"]
[White "Luna, Lorenzo"]
[Black "Sosa, Juan Carlos"]
[Result "1-0"]
[WhiteElo "1341"]
[BlackElo "1000"]
[PlyCount "73"]

1. e4 e5 2. Nf3 d6 3. Bc4 Be7 4. Nc3 Nf6 5. O-O O-O 6. Re1 Bg4 7. Nd5 Nxd5 8.
Bxd5 c6 9. Bc4 Nd7 10. h3 Bxf3 11. Qxf3 Nf6 12. Qb3 d5 13. exd5 cxd5 14. Bf1 e4
15. d3 Rc8 16. dxe4 dxe4 17. c4 Bc5 18. Be3 Qd7 19. Rad1 Qe6 20. Bxc5 Rxc5 21.
Qe3 b6 22. b4 Rc7 23. Qf4 h6 24. Qxc7 Re8 25. Rd8 Kh7 26. Rxe8 Nxe8 27. Qf4 g5
28. Qxe4+ Qxe4 29. Rxe4 Nf6 30. Re7 Kg7 31. Rxa7 Ne4 32. Bd3 Nd6 33. a4 Kf6 34.
Rd7 Ke5 35. Re7+ Kf4 36. g3+ Kf3 37. Be2# 1-0

[Event "Summer Team Tournament 2020"]
[Site "Skype"]
[Date "????.??.??"]
[Round "3"]
[White "Yepez, German"]
[Black "Ruiz Aguilera, Juan Jesus"]
[Result "0-1"]
[WhiteElo "1000"]
[BlackElo "1083"]
[PlyCount "74"]

1. e4 e5 2. Nf3 d6 3. d4 exd4 4. Nxd4 c5 5. Nf3 Be7 6. Be2 Nf6 7. Nc3 O-O 8.
O-O Be6 9. e5 dxe5 10. Qxd8 Rxd8 11. Nxe5 Nc6 12. Nxc6 bxc6 13. Bf3 Rac8 14.
Be3 Nd5 15. Nxd5 cxd5 16. c3 d4 17. cxd4 cxd4 18. Bd2 Rc2 19. Bb4 Bxb4 20. a3
Be7 21. b4 Bd5 22. Bd1 Rd2 23. f3 Bf6 24. Rf2 Rxf2 25. Kxf2 Bc4 26. Rb1 Rb8 27.
Bb3 Bxb3 28. Rxb3 h6 29. g3 g5 30. g4 Kg7 31. h3 Kg6 32. Kg3 h5 33. Kf2 h4 34.
Kg2 Rc8 35. a4 Rc3 36. Rxc3 dxc3 37. b5 c2 0-1

[Event "Summer Team Tournament 2020"]
[Site "Skype"]
[Date "????.??.??"]
[Round "3"]
[White "Teles, Jeferson"]
[Black "Lambert, Pierre"]
[Result "0-1"]
[WhiteElo "1622"]
[BlackElo "1829"]
[PlyCount "104"]

1. e4 c5 2. Nf3 Nc6 3. d4 cxd4 4. Nxd4 Nf6 5. Nc3 d6 6. Bg5 e6 7. Qd2 Be7 8.
O-O-O Bd7 9. Ndb5 d5 10. Bxf6 Bxf6 11. exd5 Nb4 12. dxe6 Bxe6 13. Qe1 Qa5 14.
Bc4 O-O 15. Bxe6 fxe6 16. Qxe6+ Kh8 17. a3 a6 18. axb4 Qa1+ 19. Kd2 Qxb2 20.
Qb3 Qxb3 21. cxb3 axb5 22. Nxb5 Bg5+ 23. Ke1 Ra2 24. f3 Rxg2 25. Nd4 Bf6 26.
Kf1 Rb2 27. Ne6 Re8 28. Nc5 b6 29. Nd3 Rxb3 30. Rg1 Re3 31. Ne1 Rxb4 32. Rc1
Rc3 33. Rxc3 Bxc3 34. Rg2 Bxe1 35. Kxe1 Rb1+ 36. Kf2 Rb2+ 37. Kf1 Rxg2 38. Kxg2
Kg8 39. Kf2 Kf7 40. Ke3 Ke6 41. Kd4 Kf5 42. Kc4 Kf4 43. Kb5 Kxf3 44. Kxb6 g5
45. Kc5 h5 46. Kd4 g4 47. Kd3 h4 48. Kd2 Kf2 49. Kd3 g3 50. hxg3 hxg3 51. Ke4
g2 52. Kf4 g1=Q 0-1

[Event "Summer Team Tournament 2020"]
[Site "Skype"]
[Date "????.??.??"]
[Round "3"]
[White "Sauvaget, Joel"]
[Black "Lucena Vaz, Jose"]
[Result "1/2-1/2"]
[WhiteElo "1467"]
[BlackElo "1527"]
[PlyCount "132"]

1. d4 Nf6 2. c4 g6 3. Nf3 Bg7 4. e3 d6 5. Be2 O-O 6. Nc3 Nbd7 7. O-O Re8 8. Bd2
e5 9. dxe5 dxe5 10. Be1 c6 11. h3 Nc5 12. Qc1 Bf5 13. Bd2 Bd3 14. Re1 Bxe2 15.
Rxe2 Nd3 16. Qc2 Nc5 17. Rd1 Qc7 18. Be1 Rad8 19. Red2 e4 20. Rxd8 Rxd8 21.
Rxd8+ Qxd8 22. Nd2 Qd3 23. Qb1 Qxb1 24. Ndxb1 Nd3 25. Bd2 Nxb2 26. Na3 Bf8 27.
Ncb1 Nd7 28. Kf1 Nb6 29. c5 Bxc5 30. Bc3 Bxa3 31. Nxa3 N2c4 32. Nxc4 Nxc4 33.
Ke2 b5 34. Kd1 a5 35. Kc2 c5 36. Ba1 Na3+ 37. Kb2 b4 38. Kb3 c4+ 39. Ka4 Nc2
40. Be5 c3 41. Kxa5 f5 42. Ka4 Kf7 43. Kb3 Na1+ 44. Kxb4 c2 45. Bb2 Ke6 46. a4
Kd5 47. Kc3 Kc5 48. Kd2 Kb4 49. Bxa1 Kxa4 50. Kxc2 Kb4 51. Bd4 Kc4 52. Kd2 Kb3
53. Be5 h6 54. g3 Kc4 55. h4 Kd5 56. Bf4 h5 57. Ke2 Kc4 58. Kd2 Kd5 59. Kc3 Kc5
60. Kd2 Kc4 61. Ke2 Kd5 62. Kf1 Kc5 63. Kg2 Kc4 64. Kh3 Kd3 65. Kg2 Ke2 66. Be5
Kd3 1/2-1/2

[Event "Summer Team Tournament 2020"]
[Site "Skype"]
[Date "????.??.??"]
[Round "3"]
[White "Franca, Diego"]
[Black "Le Bouill, Pierre"]
[Result "1-0"]
[WhiteElo "1307"]
[BlackElo "1308"]
[PlyCount "117"]

1. d4 Nf6 2. c4 d5 3. Nc3 c6 4. Bf4 e6 5. e3 dxc4 6. Bxc4 Bd6 7. Bxd6 Qxd6 8.
Nf3 b5 9. Bd3 Nbd7 10. O-O a6 11. a3 O-O 12. Qc2 Re8 13. Ne4 Nxe4 14. Bxe4 e5
15. Qxc6 Qxc6 16. Bxc6 Rb8 17. Nxe5 Re7 18. Nxd7 Bxd7 19. Bxd7 Rxd7 20. Rac1 h6
21. Rc6 a5 22. Rfc1 Rdd8 23. b3 Kf8 24. Rc7 g6 25. g3 Ke8 26. Ra7 Rdc8 27. Rcc7
Rxc7 28. Rxc7 Ra8 29. Rb7 Rc8 30. Rxb5 Rc3 31. Rxa5 Rxb3 32. Ra8+ Ke7 33. h4 h5
34. f4 f6 35. Kf2 Ke6 36. Kf3 f5 37. Ra5 Kd6 38. Ra6+ Ke7 39. Rxg6 Rxa3 40. Rg5
Kf6 41. Rxh5 Ra1 42. Kf2 Ra2+ 43. Kf3 Ra4 44. Ke2 Kg6 45. Rh8 Kf6 46. h5 Kg7
47. Rd8 Ra2+ 48. Kd3 Rh2 49. Rd7+ Kg8 50. e4 Rxh5 51. exf5 Rxf5 52. Ke4 Rf6 53.
g4 Rg6 54. Kf5 Rh6 55. g5 Rc6 56. d5 Rb6 57. d6 Rb5+ 58. Kg6 Kf8 59. Rd8# 1-0

[Event "Summer Team Tournament 2020"]
[Site "Skype"]
[Date "????.??.??"]
[Round "3"]
[White "Vervoort, Jean-Louis"]
[Black "Amaral, Eliabe"]
[Result "1/2-1/2"]
[WhiteElo "1180"]
[BlackElo "1000"]
[PlyCount "78"]

1. d4 Nf6 2. c4 e6 3. Bf4 Be7 4. Nf3 Nc6 5. e3 O-O 6. Bd3 d6 7. O-O Nh5 8. Bc2
d5 9. Qd3 f5 10. h3 Nb4 11. Qb3 c6 12. a3 Nxc2 13. Qxc2 Bd7 14. Ne5 Be8 15. Nd2
Bf6 16. Ndf3 Bh4 17. Rae1 Qe7 18. Re2 Rd8 19. Rfe1 g5 20. Bh2 g4 21. hxg4 fxg4
22. Nxg4 Bg6 23. Qb3 Ng7 24. Nge5 Be4 25. Nxh4 Qxh4 26. g3 Qh3 27. f3 Rxf3 28.
Nxf3 Rf8 29. Nh4 Nh5 30. Qxb7 Nxg3 31. Rf2 Rxf2 32. Qb8+ Kf7 33. Qxg3 Rxh2 34.
Qxh2 Qg4+ 35. Ng2 Kg6 36. Rf1 h5 37. Rf4 Qd1+ 38. Rf1 Qg4 39. Rf4 Qd1+ 1/2-1/2

[Event "Summer Team Tournament 2020"]
[Site "Skype"]
[Date "????.??.??"]
[Round "3"]
[White "Aghaee, Samira"]
[Black "Castillo, Jesus"]
[Result "1/2-1/2"]
[WhiteElo "1131"]
[BlackElo "1568"]
[PlyCount "116"]

1. e4 e5 2. Nf3 Nc6 3. d4 exd4 4. Nxd4 Ne5 5. Nc3 Bc5 6. f4 Ng6 7. Nf5 Bf8 8.
Qd5 Nf6 9. Qd4 Ne7 10. Bb5 Nxf5 11. exf5 c6 12. Qe5+ Qe7 13. Qxe7+ Bxe7 14. O-O
d5 15. Bd3 O-O 16. Be3 Bb4 17. Ne2 Re8 18. Bd4 Ne4 19. Ng3 Bc5 20. Bxc5 Nxc5
21. Rad1 Nxd3 22. Rxd3 Bd7 23. c4 Rad8 24. c5 Bc8 25. Ra3 a6 26. Kf2 Re7 27.
Re1 Rde8 28. Rae3 Rxe3 29. Rxe3 Kf8 30. f6 Rxe3 31. Kxe3 gxf6 32. Kd4 Ke7 33.
b4 f5 34. h4 Bd7 35. Ke5 f6+ 36. Kd4 Kf7 37. Ne2 Kg6 38. Ng3 h6 39. a4 Be8 40.
h5+ Kh7 41. Nxf5 Bxh5 42. a5 Be2 43. Nd6 Bf1 44. g3 Kg6 45. Nxb7 Kf5 46. Nd8
Kg4 47. Nxc6 Kxg3 48. Ne7 h5 49. c6 Bb5 50. c7 Bd7 51. Nf5+ Kg2 52. Ke3 Bc8 53.
Nd6 h4 54. Ne4 h3 55. Nd6 h2 56. Nxc8 h1=Q 57. Nb6 Qe1+ 58. Kd4 Qf2+ 1/2-1/2

[Event "Summer Team Tournament 2020"]
[Site "Skype"]
[Date "????.??.??"]
[Round "3"]
[White "Sanchez, Armando"]
[Black "Balci Gungor, Ayca"]
[Result "0-1"]
[WhiteElo "1321"]
[BlackElo "1070"]
[PlyCount "72"]

1. e4 e5 2. Nf3 Nc6 3. Bc4 Bc5 4. O-O Nf6 5. d3 d6 6. c3 Bg4 7. Bxf7+ Kxf7 8.
Qb3+ d5 9. Ng5+ Kg6 10. Qxb7 Qd7 11. h3 h6 12. Qb5 Qd6 13. exd5 Qxd5 14. Qc4
Be2 15. Qxd5 Nxd5 16. Re1 Bxd3 17. Nf3 Rae8 18. b4 Bb6 19. Rd1 e4 20. Nh4+ Kh7
21. Na3 Rhf8 22. g3 Bxf2+ 23. Kg2 Nxc3 24. Rd2 Bd4 25. Bb2 Ne5 26. Rc1 e3 27.
Rxd3 Nxd3 28. Bxc3 Rf2+ 29. Kg1 e2 30. Nc2 Nxc1 31. Nxd4 Rf1+ 32. Kg2 e1=Q 33.
Bxe1 Rexe1 34. Nhf3 Rd1 35. a4 Nd3 36. b5 Rf2# 0-1

[Event "Summer Team Tournament 2020"]
[Site "Skype"]
[Date "????.??.??"]
[Round "3"]
[White "Aghaee, Shirin"]
[Black "Gomez, Jorge"]
[Result "0-1"]
[WhiteElo "1000"]
[BlackElo "1000"]
[PlyCount "64"]

1. d4 d5 2. Nf3 Nf6 3. e3 g6 4. Bd3 Bg7 5. O-O O-O 6. Nbd2 Be6 7. e4 dxe4 8.
Nxe4 Nbd7 9. Bf4 Rb8 10. a4 Nxe4 11. Bxe4 Nf6 12. Bd3 Bd5 13. c4 Bxf3 14. Qxf3
Qxd4 15. Bxc7 Rbe8 16. b3 b6 17. Rad1 Rc8 18. Qg3 Qc3 19. h3 Qxb3 20. a5 bxa5
21. Bxa5 Nd7 22. Rb1 Qa4 23. Bc7 Nc5 24. Rb8 Nxd3 25. Qxd3 Rxc7 26. Rxf8+ Bxf8
27. Rb1 Rc8 28. Qc3 Rxc4 29. Ra1 Qc6 30. Qe3 Rc2 31. Qxa7 Qf6 32. Qe3 Qxa1+ 0-1

[Event "Summer Team Tournament 2020"]
[Site "Skype"]
[Date "????.??.??"]
[Round "3"]
[White "Montalvo, Mario"]
[Black "Elias, Roberto"]
[Result "1-0"]
[WhiteElo "1707"]
[BlackElo "1876"]
[PlyCount "93"]

1. d4 Nf6 2. Bf4 e6 3. e3 c5 4. Nd2 Nc6 5. c3 cxd4 6. exd4 Nd5 7. Bg3 f5 8.
Ngf3 Be7 9. Ne5 O-O 10. Nxc6 bxc6 11. c4 f4 12. cxd5 fxg3 13. hxg3 Bg5 14. f4
exd5 15. Bd3 Qe7+ 16. Kf2 h6 17. Nf3 Bf6 18. Re1 Qb4 19. Bc2 Ba6 20. a3 Qxb2
21. Rb1 Qc3 22. Rb3 Qa5 23. Ne5 Bxe5 24. Rxe5 Rae8 25. Rbe3 Rxe5 26. Rxe5 Qb6
27. Re7 Qd8 28. Qe1 Qb6 29. Qe5 Rf7 30. Bh7+ Kxh7 31. Rxf7 Qb2+ 32. Kg1 Qb1+
33. Kh2 Qg6 34. Rxd7 Bc8 35. Rxa7 Bf5 36. Qe7 Qh5+ 37. Qh4 Qg6 38. Ra8 Be4 39.
g4 Qd6 40. Qf2 g5 41. g3 Kg6 42. fxg5 hxg5 43. Qf8 Qd7 44. Qg8+ Kh6 45. Qh8+
Qh7 46. Qf6+ Bg6 47. Rh8 1-0

[Event "Summer Team Tournament 2020"]
[Site "Skype"]
[Date "????.??.??"]
[Round "3"]
[White "Vello, Pablo"]
[Black "Rodriguez, Erick"]
[Result "1/2-1/2"]
[WhiteElo "1527"]
[BlackElo "1000"]
[PlyCount "128"]

1. d4 Nf6 2. Nc3 d5 3. Bf4 e6 4. e3 Bb4 5. Nge2 h6 6. a3 Bxc3+ 7. Nxc3 a6 8.
Bd3 Nbd7 9. O-O c5 10. Qf3 Qb6 11. Na4 Qc7 12. Bxc7 c4 13. Be2 Ne4 14. Qg4 O-O
15. f3 Nef6 16. Qg3 b5 17. Nc3 Bb7 18. Qh4 Rfc8 19. Bg3 Nf8 20. f4 Bc6 21. f5
exf5 22. Rxf5 Ng6 23. Qh3 Bd7 24. Bg4 Nxg4 25. Qxg4 Ne7 26. Bf4 Bxf5 27. Qg3
Bg6 28. Qf3 Rd8 29. Rf1 Rac8 30. g4 Rc6 31. h4 f6 32. Rf2 Rd7 33. g5 hxg5 34.
hxg5 Kf7 35. Be5 f5 36. Rh2 Rd8 37. Ne2 a5 38. Nf4 b4 39. a4 Ra6 40. Qh3 b3 41.
c3 Re8 42. Nxg6 Rxg6 43. Qh7 Rc8 44. Rh6 Rcc6 45. Rxg6 Rxg6 46. Qh5 Ke6 47. Kf2
Kd7 48. Qh4 Ke6 49. Qg3 Kd7 50. Bb8 Ke8 51. Qc7 Rxg5 52. Qxa5 f4 53. Bxf4 Rf5
54. Qa8+ Kf7 55. Kf3 g5 56. a5 gxf4 57. exf4 Rf6 58. a6 Nc6 59. Qb7+ Kg6 60. a7
Nxa7 61. Qxa7 Re6 62. Qd7 Ra6 63. Qg4+ Kf7 64. Qf5+ Kg7 1/2-1/2

[Event "Summer Team Tournament 2020"]
[Site "Skype"]
[Date "????.??.??"]
[Round "3"]
[White "Conde, Carmen"]
[Black "Bustos, Ricardo"]
[Result "1-0"]
[WhiteElo "1214"]
[BlackElo "1216"]
[PlyCount "50"]

1. c4 Nf6 2. d4 e6 3. a3 d5 4. e3 c5 5. Nf3 Nc6 6. Nc3 cxd4 7. exd4 Be7 8. Bd3
O-O 9. O-O b6 10. b3 Bb7 11. Bf4 Nh5 12. Be3 Bd6 13. Qc2 Nf6 14. Bg5 g6 15.
cxd5 exd5 16. Nxd5 Be7 17. Nxe7+ Qxe7 18. Rfe1 Qd6 19. Qc3 Rac8 20. d5 Nxd5 21.
Qb2 Nf4 22. Bh6 f6 23. Bxf8 Rxf8 24. Bc4+ Kg7 25. Rad1 Qc7 1-0

[Event "Summer Team Tournament 2020"]
[Site "Skype"]
[Date "????.??.??"]
[Round "3"]
[White "Berbedes, Jorgelina"]
[Black "Conde, Abigail"]
[Result "1/2-1/2"]
[WhiteElo "1074"]
[BlackElo "1196"]
[PlyCount "94"]

1. d4 d5 2. Bf4 Nf6 3. Nf3 Nbd7 4. e3 a6 5. Bd3 c5 6. O-O g6 7. Nbd2 b5 8. c3
Bg7 9. Qb3 e6 10. Rfe1 O-O 11. Rac1 Qe7 12. Ne5 Nh5 13. Ndf3 f6 14. Nxd7 Bxd7
15. h3 e5 16. Qxd5+ Be6 17. Qxc5 Qd7 18. Bg3 Rac8 19. Qb4 Qc6 20. dxe5 Nxg3 21.
fxg3 Qd5 22. exf6 Bxf6 23. Nd4 Bd7 24. Qb3 Rc4 25. Bxc4 bxc4 26. Qb6 Qe5 27.
Ne2 Bg5 28. Nf4 h5 29. Rf1 h4 30. Rf3 Bf5 31. Nxg6 Bxg6 32. Qxg6+ Qg7 33. Qxg7+
Kxg7 34. Rxf8 Kxf8 35. Rf1+ Ke7 36. e4 Ke6 37. gxh4 Bxh4 38. Kh1 Ke5 39. b3
cxb3 40. axb3 Kxe4 41. c4 Kd4 42. Rd1+ Kc3 43. Ra1 Kxb3 44. c5 Kb4 45. Rxa6
Kxc5 46. Ra5+ Kd4 47. Ra4+ Ke3 1/2-1/2

[Event "Summer Team Tournament 2020"]
[Site "Skype"]
[Date "????.??.??"]
[Round "3"]
[White "Rapaire, Jean-Michel"]
[Black "Telles, Rigoberto"]
[Result "1-0"]
[WhiteElo "1880"]
[BlackElo "1307"]
[PlyCount "93"]

1. e4 e5 2. Nf3 Nc6 3. Bb5 a6 4. Bxc6 dxc6 5. d4 exd4 6. Qxd4 Qxd4 7. Nxd4 Bd7
8. Be3 O-O-O 9. Nd2 Bc5 10. Nf5 Bxe3 11. Nxe3 Nf6 12. f3 Be6 13. O-O-O Nd7 14.
a3 Ne5 15. Nb1 Rdf8 16. Nc3 g6 17. f4 Ng4 18. Nxg4 Bxg4 19. Rd2 Be6 20. h3 f5
21. e5 h5 22. h4 Rf7 23. Rhd1 Rd7 24. Rxd7 Bxd7 25. Ne2 Be6 26. Ng1 Rh7 27. Nh3
Rd7 28. Rxd7 Kxd7 29. Kd2 Bd5 30. g3 Bg2 31. Ng5 b5 32. Nh7 Ke7 33. Nf6 Bf3 34.
c4 bxc4 35. Kc3 Bd5 36. Kb4 Be6 37. Kc5 Bd5 38. Nxd5+ cxd5 39. Kxd5 Kd7 40.
Kxc4 Ke6 41. b4 c6 42. Kc5 Kd7 43. a4 a5 44. bxa5 Kc7 45. e6 Kb7 46. e7 Ka6 47.
e8=Q 1-0

[Event "Summer Team Tournament 2020"]
[Site "Skype"]
[Date "????.??.??"]
[Round "3"]
[White "Suazo, Olvin"]
[Black "L'Herbon de Lussats, Jean"]
[Result "1-0"]
[WhiteElo "1000"]
[BlackElo "1413"]
[PlyCount "53"]

1. e4 c5 2. Nf3 Nc6 3. Bb5 a6 4. Bxc6 bxc6 5. O-O d5 6. d3 Qc7 7. Re1 e5 8.
Nxe5 Be6 9. exd5 cxd5 10. c4 d4 11. Qa4+ Kd8 12. Bd2 a5 13. Bxa5 Rxa5 14. Nc6+
Kc8 15. Nxa5 Bd6 16. Qe8+ Qd8 17. Qb5 Qc7 18. Na3 Bd7 19. Qa6+ Kd8 20. Nb7+ Kc8
21. Qa8+ Qb8 22. Nxd6+ Kc7 23. Nab5+ Bxb5 24. Nxb5+ Qxb5 25. cxb5 h5 26. Qc6+
Kd8 27. Re8# 1-0

[Event "Summer Team Tournament 2020"]
[Site "Skype"]
[Date "????.??.??"]
[Round "3"]
[White "Farfallini, Michel"]
[Black "Mora, Carlos Alberto"]
[Result "0-1"]
[WhiteElo "1304"]
[BlackElo "1000"]
[PlyCount "40"]

1. e4 e6 2. d4 d5 3. exd5 exd5 4. Nf3 Nf6 5. Bf4 c6 6. Nbd2 Be7 7. Qe2 O-O 8.
O-O-O Re8 9. Qd3 Na6 10. a3 c5 11. dxc5 Nxc5 12. Qe3 Ng4 13. Qc3 Nxf2 14. Bb5
Nxd1 15. Rxd1 Bd7 16. Bxd7 Qxd7 17. Ne5 Qf5 18. Rf1 Rac8 19. Qg3 Bd6 20. Bh6
Qxe5 0-1

[Event "Summer Team Tournament 2020"]
[Site "Skype"]
[Date "????.??.??"]
[Round "3"]
[White "Urda, Carlos Mario"]
[Black "Boudet, Nicole"]
[Result "1-0"]
[WhiteElo "1000"]
[BlackElo "1068"]
[PlyCount "69"]

1. d4 Nf6 2. c4 d5 3. Nc3 e6 4. Bg5 Be7 5. e3 Na6 6. Bd3 Nb4 7. Bxf6 Nxd3+ 8.
Qxd3 Bxf6 9. Nge2 O-O 10. O-O-O c6 11. f4 a5 12. a4 b6 13. g4 Ba6 14. b3 Qc8
15. h4 dxc4 16. bxc4 c5 17. Ne4 Be7 18. d5 exd5 19. Ng5 f5 20. Qxd5+ Kh8 21.
Nf7+ Rxf7 22. Qxf7 Qf8 23. Qd5 Rd8 24. Qc6 Bxc4 25. Rxd8 Qxd8 26. Nc3 fxg4 27.
Rd1 Qd3 28. Rxd3 g3 29. Qe8+ Bg8 30. Ne2 Bxh4 31. Rd7 g2 32. Rf7 Bf2 33. Rf8
g1=Q+ 34. Nxg1 Bxe3+ 35. Kd1 1-0

[Event "Summer Team Tournament 2020"]
[Site "Skype"]
[Date "????.??.??"]
[Round "3"]
[White "Loaisiga Perez, Carlos Alberto"]
[Black "Saponara, Jose Maria"]
[Result "1-0"]
[WhiteElo "1374"]
[BlackElo "1714"]
[PlyCount "105"]

1. e4 c6 2. d4 d5 3. e5 Bf5 4. f4 e6 5. Nf3 Nd7 6. Be3 Qb6 7. b3 Bb4+ 8. c3 Be7
9. Bd3 Bxd3 10. Qxd3 Nh6 11. O-O Nf5 12. Nbd2 Nxe3 13. Qxe3 c5 14. Ng5 h6 15.
Nh3 Rc8 16. f5 Rc6 17. fxe6 fxe6 18. Nf3 O-O 19. Nf4 Qd8 20. Qd3 Rxf4 21. Rf2
cxd4 22. cxd4 Rf8 23. Raf1 Qc8 24. h3 Rc3 25. Qg6 Rc6 26. Nh2 Rxf2 27. Rxf2 Bg5
28. Rf7 Be3+ 29. Kh1 Rc1+ 30. Nf1 Rxf1+ 31. Rxf1 Nf8 32. Qf7+ Kh7 33. Qxf8 Qc3
34. Qf7 Qd3 35. Rf6 Qd1+ 36. Rf1 Qd3 37. Kh2 Bxd4 38. Qf3 Bxe5+ 39. Kh1 Qa6 40.
a4 Qc6 41. Qd3+ Kg8 42. Re1 Bf6 43. Rd1 Kf7 44. Qf3 Ke7 45. Qe2 Qc5 46. Re1 e5
47. Qe3 d4 48. Qe4 Qc7 49. Rd1 Kf7 50. b4 a6 51. b5 b6 52. bxa6 Qa7 53. Qd5+
1-0

[Event "Summer Team Tournament 2020"]
[Site "Skype"]
[Date "????.??.??"]
[Round "3"]
[White "Carballo, Jorge"]
[Black "Chamorro Cajina, Ivan Antonio"]
[Result "1-0"]
[WhiteElo "1594"]
[BlackElo "1000"]
[PlyCount "65"]

1. e4 e5 2. Nf3 Qf6 3. d4 exd4 4. Qxd4 Nc6 5. Qxf6 Nxf6 6. Nc3 Nb4 7. Bd3 Bc5
8. a3 Nxd3+ 9. cxd3 Ng4 10. d4 Bb6 11. h3 Nf6 12. Bf4 O-O 13. O-O Re8 14. e5
Nh5 15. Bh2 d6 16. g4 dxe5 17. dxe5 a5 18. Nd5 Be6 19. Nxb6 cxb6 20. gxh5 Bxh3
21. Rfe1 Bg4 22. Nd4 Rad8 23. Nb5 Bxh5 24. Nd6 Re7 25. Rac1 Bg4 26. Rc3 Bd7 27.
Nxb7 Rb8 28. Nd6 f6 29. Rc7 fxe5 30. Rxe5 Ba4 31. Rexe7 Rd8 32. Rxg7+ Kf8 33.
Rcf7# 1-0

[Event "Summer Team Tournament 2020"]
[Site "Skype"]
[Date "????.??.??"]
[Round "3"]
[White "Mendoza Lainez, Ricardo Jose"]
[Black "De Nobrega, George"]
[Result "0-1"]
[WhiteElo "1226"]
[BlackElo "1311"]
[PlyCount "74"]

1. e4 e5 2. Nc3 Nf6 3. Bc4 Nc6 4. f4 d6 5. Nf3 h6 6. d3 Na5 7. Be3 Nxc4 8. dxc4
Ng4 9. Bd2 exf4 10. Qe2 Qf6 11. O-O-O Ne5 12. Nd5 Qd8 13. Bxf4 Nxf3 14. Qxf3 c6
15. Ne3 Be7 16. g4 a5 17. c5 Be6 18. b3 O-O 19. h4 Bxh4 20. Ng2 Bg5 21. Bxg5
Qxg5+ 22. Nf4 Bxg4 23. Rdg1 Bxf3 24. Rxg5 Bxh1 25. Rg1 Bxe4 26. Nh5 Bg6 27.
cxd6 Rad8 28. Nf4 Rxd6 29. Ne2 Re8 30. Nc3 Rde6 31. Kb2 Rd8 32. Ka3 b5 33. Kb2
Rd2 34. Ka1 Rxc2 35. Nd1 Ree2 36. Kb1 Rxa2+ 37. Kc1 Ra1# 0-1

[Event "Summer Team Tournament 2020"]
[Site "Skype"]
[Date "????.??.??"]
[Round "3"]
[White "Melle, Ezio"]
[Black "Deville, Olivier"]
[Result "1-0"]
[WhiteElo "1659"]
[BlackElo "2023"]
[PlyCount "51"]

1. e4 c5 2. c3 d5 3. exd5 Qxd5 4. d4 Nf6 5. Nf3 Bg4 6. Be2 e6 7. O-O Be7 8. Be3
cxd4 9. Nxd4 Bxe2 10. Qxe2 O-O 11. Rd1 a6 12. Nf3 Qa5 13. a4 Qc7 14. a5 Nbd7
15. Nbd2 Rfe8 16. Nc4 Nd5 17. Bd4 Nf4 18. Qf1 Bc5 19. g3 Nd5 20. Qe2 Rac8 21.
Nfe5 Bxd4 22. Rxd4 Nc5 23. Qc2 Red8 24. Rad1 Nd7 25. Nxd7 Rxd7 26. Nb6 1-0

[Event "Summer Team Tournament 2020"]
[Site "Skype"]
[Date "????.??.??"]
[Round "3"]
[White "Pouteau, Pascal"]
[Black "Garganese, Paolo"]
[Result "0-1"]
[WhiteElo "1454"]
[BlackElo "1461"]
[PlyCount "78"]

1. d4 Nf6 2. c4 g6 3. Nf3 Bg7 4. Nc3 O-O 5. Bf4 d6 6. Qc2 Re8 7. e4 Nfd7 8. Rd1
f6 9. Be2 e5 10. dxe5 Nxe5 11. O-O Nbd7 12. b4 Nxf3+ 13. Bxf3 Ne5 14. Be2 f5
15. c5 fxe4 16. cxd6 cxd6 17. Nxe4 d5 18. Bg5 Qd7 19. Nc5 Qf7 20. Qd2 b6 21.
Nb3 Bb7 22. Nd4 Rac8 23. Rc1 Nc4 24. Qd1 Nb2 25. Qd2 Nc4 26. Bxc4 Rxc4 27. Rxc4
dxc4 28. Rd1 Rc8 29. Qe3 Qd5 30. Qe6+ Kh8 31. Qxd5 Bxd5 32. Nb5 Be6 33. Nxa7
Ra8 34. Nb5 c3 35. Na3 Rxa3 36. Rd8+ Bg8 37. Rd3 Rxa2 38. f3 c2 39. Kf1 Bc4 0-1

[Event "Summer Team Tournament 2020"]
[Site "Skype"]
[Date "????.??.??"]
[Round "3"]
[White "Ibanez, Bittor"]
[Black "Vincent, Andre"]
[Result "0-1"]
[WhiteElo "1000"]
[BlackElo "1328"]
[PlyCount "70"]

1. e4 c6 2. Nc3 d5 3. d4 e6 4. Nf3 Nd7 5. Be2 Bd6 6. O-O Ne7 7. e5 Bc7 8. Bg5
h6 9. Bd2 Bb6 10. b4 a6 11. Na4 Nf5 12. c4 Nxd4 13. Be3 Nxe2+ 14. Qxe2 Bxe3 15.
fxe3 b5 16. Nb2 Qc7 17. Nd2 Nxe5 18. c5 Ng6 19. Nd3 e5 20. e4 d4 21. Qh5 O-O
22. Nf3 Be6 23. Nh4 Nxh4 24. Qxh4 Rae8 25. a3 Bc4 26. Rf3 Bxd3 27. Rxd3 Qe7 28.
Qf2 Qg5 29. a4 f5 30. Rf3 fxe4 31. Rxf8+ Rxf8 32. Qa2+ Rf7 33. axb5 Qe3+ 34.
Kh1 d3 35. b6 Kf8 0-1

[Event "Summer Team Tournament 2020"]
[Site "Skype"]
[Date "????.??.??"]
[Round "3"]
[White "Gagnon, Sindy"]
[Black "Abate, Luigi"]
[Result "0-1"]
[WhiteElo "1031"]
[BlackElo "1134"]
[PlyCount "90"]

1. e4 e5 2. Nf3 Nc6 3. Nc3 Nf6 4. Bc4 h6 5. O-O Bc5 6. d3 O-O 7. a3 d6 8. b4
Bd4 9. Bb2 Bg4 10. Rb1 a5 11. Nb5 axb4 12. axb4 Re8 13. c3 d5 14. cxd4 dxc4 15.
dxc4 Nxb4 16. Qb3 c6 17. Qxb4 cxb5 18. dxe5 Nxe4 19. cxb5 Bxf3 20. gxf3 Nd2 21.
Rbe1 Nxf3+ 22. Kh1 Qg5 23. Re3 Qh5 24. Kg2 Nxh2 25. Rh3 Qg5+ 26. Kxh2 Re6 27.
Rg1 Qf5 28. Bc1 Qxf2+ 29. Rg2 Qf1 30. Bxh6 g6 31. Qh4 Ra1 32. Be3 Qf6 33. Qh7+
Kf8 34. Rc2 Qxe5+ 35. Kg2 Ra3 36. Rc8+ Ke7 37. Qh4+ f6 38. Qc4 Qb2+ 39. Kg3
Raxe3+ 40. Kg4 R6e4+ 41. Qxe4+ Rxe4+ 42. Kf3 Qe2+ 43. Kg3 Qg4+ 44. Kh2 Re2+ 45.
Kh1 Qg2# 0-1

[Event "Summer Team Tournament 2020"]
[Site "Skype"]
[Date "????.??.??"]
[Round "3"]
[White "Martinez Quintero, Javier"]
[Black "Care Garcia, Jose Joaquin"]
[Result "1-0"]
[WhiteElo "1773"]
[BlackElo "1796"]
[PlyCount "75"]

1. d4 Nf6 2. c4 g6 3. Nc3 Bg7 4. e4 d6 5. h3 c5 6. Nf3 cxd4 7. Nxd4 O-O 8. Be2
Nc6 9. Be3 Bd7 10. O-O b6 11. f4 e5 12. Nxc6 Bxc6 13. Bf3 Re8 14. Qc2 Qe7 15.
Rad1 Rad8 16. f5 gxf5 17. exf5 Bxf3 18. Rxf3 Kh8 19. Bg5 h6 20. Nd5 hxg5 21.
Nxe7 Rxe7 22. b4 Nh7 23. c5 bxc5 24. bxc5 d5 25. c6 Rc7 26. Rb1 e4 27. Rfb3
Bd4+ 28. Kh1 Bb6 29. a4 d4 30. a5 Bxa5 31. Rb8 Rxb8 32. Rxb8+ Kg7 33. Qc5 d3
34. Qxa5 Rxc6 35. Qd5 Rc1+ 36. Kh2 Nf6 37. Qd8 d2 38. Qh8# 1-0

[Event "Summer Team Tournament 2020"]
[Site "Skype"]
[Date "????.??.??"]
[Round "3"]
[White "Lezcano, Reina"]
[Black "Leyton, Jairo"]
[Result "0-1"]
[WhiteElo "1481"]
[BlackElo "1555"]
[PlyCount "82"]

1. d4 Nf6 2. e3 g6 3. Bd3 c5 4. c3 cxd4 5. exd4 Bg7 6. Nf3 O-O 7. O-O d6 8.
Nbd2 Nbd7 9. Ne4 b6 10. Bg5 Bb7 11. Nxf6+ Nxf6 12. Bc2 Qd7 13. Bxf6 exf6 14.
Re1 Rfe8 15. Nh4 Rxe1+ 16. Qxe1 Qg4 17. f3 Qd7 18. Qg3 Re8 19. Re1 Re6 20. Kf2
Rxe1 21. Kxe1 Qe6+ 22. Kf1 Ba6+ 23. Kg1 Qxa2 24. Qxd6 Qa1+ 25. Kf2 Qf1+ 26. Kg3
Qe1+ 27. Kh3 Bc8+ 28. g4 Qf1+ 29. Ng2 Qxf3+ 30. Qg3 Qb7 31. Qe3 Qd7 32. Qe4 Bh6
33. Nh4 Bb7 34. Qd3 Qd5 35. Qe2 Kf8 36. Be4 Qxe4 37. Qxe4 Bxe4 38. b4 Bd2 39.
Ng2 Bxg2+ 40. Kxg2 Bxc3 41. b5 Bxd4 0-1

[Event "Summer Team Tournament 2020"]
[Site "Skype"]
[Date "????.??.??"]
[Round "3"]
[White "Perez, Luis Horacio"]
[Black "Vasquez Giraldo, Yobani"]
[Result "1-0"]
[WhiteElo "1327"]
[BlackElo "1150"]
[PlyCount "119"]

1. e4 e5 2. Nf3 Nc6 3. Bc4 Nf6 4. d3 h6 5. a3 a6 6. Nc3 Bc5 7. b4 Bd4 8. Bb2 b5
9. Bb3 Bb7 10. O-O O-O 11. Qc1 d6 12. Nd5 Ba7 13. c4 Nd4 14. Nxd4 exd4 15. Qf4
Re8 16. Rac1 c6 17. Nxf6+ Qxf6 18. Qxf6 gxf6 19. c5 d5 20. Bc2 dxe4 21. Bxd4 f5
22. dxe4 fxe4 23. Rfe1 f5 24. Re3 Rad8 25. Rg3+ Kh7 26. Rg7+ Kh8 27. Rxb7+ Rxd4
28. Rxa7 f4 29. Re1 e3 30. fxe3 fxe3 31. Rh7+ Kg8 32. Rxh6 Kg7 33. Rh3 e2 34.
Bd3 Rf4 35. Rxe2 Ref8 36. Re6 Kf7 37. Rxc6 Rd8 38. Re3 Kg7 39. Rg3+ Kf8 40. Rf3
Rxf3 41. gxf3 Rxd3 42. Kf2 Rxa3 43. h4 Ra2+ 44. Kg3 a5 45. Rb6 axb4 46. Rxb5
Rb2 47. c6 Rc2 48. Rxb4 Rxc6 49. h5 Kg7 50. Kg4 Kh6 51. f4 Rf6 52. f5 Rxf5 53.
Kxf5 Kxh5 54. Rg4 Kh6 55. Rg5 Kh7 56. Kf6 Kh6 57. Rf5 Kh7 58. Kf7 Kh6 59. Rd5
Kh7 60. Rh5# 1-0